[Event "Maribor Pirc Memorial op 20th"]
[Site "Maribor"]
[Date "2017.06.28"]
[Round "5"]
[White "Zidar, Jernej"]
[Black "Gabrijan, Timotej"]
[Result "0-1"]
[WhiteElo "1340"]
[BlackElo "1437"]
[PlyCount "68"]
[EventDate "2017.06.24"]
[EventType "swiss"]
[EventRounds "9"]
[EventCountry "SLO"]
[SourceTitle "CBM 179 Extra"]
[Source "ChessBase"]
[SourceDate "2017.08.23"]
[SourceVersion "1"]
[SourceVersionDate "2017.08.23"]
[SourceQuality "1"]

1. d4 f5 2. c4 Nf6 3. g3 e6 4. Bg2 d5 5. Nf3 Be7 6. 0-0 0-0 7. Nbd2 c6 8. Qc2 h6 9. Ne5 Qe8 10. Ndf3 Nbd7 11. Bd2 g5 12. h3 Ne4 13. Rac1 h5 14. Nxd7 Bxd7 15. Ne5 Nxd2 16. Qxd2 Kh7 17. e3 Rg8 18. Qe2 Kh6 19. Rfd1 Bd6 20. Nxd7 Qxd7 21. c5 Bc7 22. a3 Rae8 23. b4 a6 24. a4 f4 25. g4 Qf7 26. Rd3 e5 27. Rd2 e4 28. Qe1 f3 29. Bf1 hxg4 30. hxg4 Qd7 31. Bh3 Rh8 32. Qf1 Re7 33. Rb1 Reh7 34. b5 Kg7 0-1

[Event "Maribor Pirc Memorial op 20th"]
[Site "Maribor"]
[Date "2017.06.27"]
[Round "4"]
[White "Gabrijan, Timotej"]
[Black "Florjancic, Rudolf"]
[Result "0-1"]
[WhiteElo "1437"]
[BlackElo "1814"]
[PlyCount "120"]
[EventDate "2017.06.24"]
[EventType "swiss"]
[EventRounds "9"]
[EventCountry "SLO"]
[SourceTitle "CBM 179 Extra"]
[Source "ChessBase"]
[SourceDate "2017.08.23"]
[SourceVersion "1"]
[SourceVersionDate "2017.08.23"]
[SourceQuality "1"]

1. e4 c5 2. c3 Nf6 3. e5 Nd5 4. d4 cxd4 5. cxd4 e6 6. Nf3 d6 7. Nc3 dxe5 8. Nxd5 Qxd5 9. Nxe5 Nd7 10. Bc4 Qxg2 11. Qf3 Qxf3 12. Nxf3 Nb6 13. Bb3 Bd7 14. Rg1 g6 15. Bf4 Bg7 16. Bd6 Rc8 17. Ne5 Bf8 18. Bxf8 Rxf8 19. Kd2 Ke7 20. Rac1 f6 21. Nd3 Rxc1 22. Rxc1 Bc6 23. Re1 Bd5 24. Bxd5 Nxd5 25. Nc5 Nf4 26. Kc3 b6 27. Nxe6 Rc8+ 28. Kb3 Nd3 29. Re3 Kd6 30. Rxd3 Kxe6 31. Rc3 Rd8 32. Kc4 Rd7 33. Re3+ Kd6 34. d5 Rc7+ 35. Kd4 Rc2 36. Re6+ Kd7 37. Rxf6 Rxb2 38. a4 Ke7 39. Rc6 Kd7 40. f4 Rxh2 41. a5 Rb2 42. Ke5 bxa5 43. Ra6 Rb7 44. Rxa5 Ke7 45. Ra6 Kf7 46. Rf6+ Kg7 47. d6 a5 48. Re6 Kf7 49. Rf6+ Ke8 50. Re6+ Kf8 51. Rf6+ Ke8 52. Re6+ Kd8 53. Rf6 Rb5+ 54. Ke6 Rf5 55. Rxf5 gxf5 56. Kxf5 a4 57. Kg5 a3 58. Kh6 a2 59. Kxh7 a1Q 60. f5 Qf6 0-1